ArtNexus/ (Record no. 3300)
[ view plain ]
| 000 -LEADER | |
|---|---|
| campo de control de longitud fija | 01940nam a22005657a 4500 |
| 003 - IDENTIFICADOR DE NÚMERO DE CONTROL | |
| campo de control | OSt |
| 005 - FECHA Y HORA DE LA ÚLTIMA TRANSACCIÓN | |
| campo de control | 20230327105510.0 |
| 008 - DATOS DE LONGITUD FIJA--INFORMACIÓN GENERAL | |
| campo de control de longitud fija | 221006b |||||||| |||| 00| 0 eng d |
| 040 ## - FUENTE DE CATALOGACIÓN | |
| Centro/agencia transcriptor | Biblioteca Lado V |
| 082 ## - NÚMERO DE LA CLASIFICACIÓN DECIMAL DEWEY | |
| Número de clasificación | 701.1 |
| Número de ítem | S744a |
| 100 ## - ENTRADA PRINCIPAL--NOMBRE DE PERSONA | |
| 9 (RLIN) | 795 |
| Nombre de persona | Srendni de Birbragher, Celia |
| Término indicativo de función/relación | editora |
| -- | directora |
| 245 ## - MENCIÓN DEL TÍTULO | |
| Título | ArtNexus/ |
| 260 ## - PUBLICACIÓN, DISTRIBUCIÓN, ETC. | |
| Nombre del editor, distribuidor, etc. | Asociación de Revistas Culturales |
| Fecha de publicación, distribución, etc. | 2007 |
| Lugar de publicación, distribución, etc. | U.S.A. |
| -- | Colombia |
| 300 ## - DESCRIPCIÓN FÍSICA | |
| Dimensiones | 21x28cm |
| Extensión | 206p. |
| 366 ## - INFORMACIÓN SOBRE DISPONIBILIDAD COMERCIAL | |
| Nota | spa |
| 490 ## - MENCIÓN DE SERIE | |
| Mención de serie | 66 |
| Designación de volumen o secuencia | 6 |
| -- | septiembre-dieciembre |
| Número Internacional Normalizado para Publicaciones Seriadas | 0120 713 X |
| 505 ## - NOTA DE CONTENIDO CON FORMATO | |
| Título | Ruben Torres Llorca |
| Nota de contenido con formato | Crónica de un articulo anunciado |
| 505 ## - NOTA DE CONTENIDO CON FORMATO | |
| Título | Venecia |
| Nota de contenido con formato | Bienal, arte y hegemonia |
| 505 ## - NOTA DE CONTENIDO CON FORMATO | |
| Título | Martin Ramirez - Armando Reveron |
| 505 ## - NOTA DE CONTENIDO CON FORMATO | |
| Título | Documenta 12 |
| 505 ## - NOTA DE CONTENIDO CON FORMATO | |
| Título | Alberto Baraya |
| 505 ## - NOTA DE CONTENIDO CON FORMATO | |
| Título | Photo Espana |
| 505 ## - NOTA DE CONTENIDO CON FORMATO | |
| Título | Carlos Amorales |
| 505 ## - NOTA DE CONTENIDO CON FORMATO | |
| Título | Bienal del Fin del Mundo |
| 505 ## - NOTA DE CONTENIDO CON FORMATO | |
| Título | La era de la discrepancia |
| 505 ## - NOTA DE CONTENIDO CON FORMATO | |
| Título | Sotheby's Christie's |
| 505 ## - NOTA DE CONTENIDO CON FORMATO | |
| Título | Art Basel 38 |
| 505 ## - NOTA DE CONTENIDO CON FORMATO | |
| Título | Ferias Paralelas |
| 505 ## - NOTA DE CONTENIDO CON FORMATO | |
| Título | SP Arte 2007 |
| 505 ## - NOTA DE CONTENIDO CON FORMATO | |
| Título | ArteBA 2007 |
| 505 ## - NOTA DE CONTENIDO CON FORMATO | |
| Título | MACO |
| 505 ## - NOTA DE CONTENIDO CON FORMATO | |
| Título | FIA 2007 |
| 505 ## - NOTA DE CONTENIDO CON FORMATO | |
| Título | Cronicas |
| 505 ## - NOTA DE CONTENIDO CON FORMATO | |
| Título | Exposiciones colectivas |
| 505 ## - NOTA DE CONTENIDO CON FORMATO | |
| Título | Reseñas de Libros |
| 505 ## - NOTA DE CONTENIDO CON FORMATO | |
| Título | Guía de galerías y museos |
| 505 ## - NOTA DE CONTENIDO CON FORMATO | |
| Título | Libros y Catalogos |
| 505 ## - NOTA DE CONTENIDO CON FORMATO | |
| Título | Libros para la venta |
| 650 ## - PUNTO DE ACCESO ADICIONAL DE MATERIA--TÉRMINO DE MATERIA | |
| Fuente del encabezamiento o término | Tesauro de Arte & Arquitectura |
| Término de materia o nombre geográfico como elemento de entrada | ARTE |
| 9 (RLIN) | 703 |
| 650 ## - PUNTO DE ACCESO ADICIONAL DE MATERIA--TÉRMINO DE MATERIA | |
| Fuente del encabezamiento o término | Tesauro de Arte & Arquitectura |
| Término de materia o nombre geográfico como elemento de entrada | EXPOSICIONES |
| 650 ## - PUNTO DE ACCESO ADICIONAL DE MATERIA--TÉRMINO DE MATERIA | |
| Fuente del encabezamiento o término | Tesauro de Arte & Arquitectura |
| Término de materia o nombre geográfico como elemento de entrada | ESCULTURA |
| 650 ## - PUNTO DE ACCESO ADICIONAL DE MATERIA--TÉRMINO DE MATERIA | |
| Fuente del encabezamiento o término | Tesauro de Arte & Arquitectura |
| Término de materia o nombre geográfico como elemento de entrada | BIENAL |
| 650 ## - PUNTO DE ACCESO ADICIONAL DE MATERIA--TÉRMINO DE MATERIA | |
| Fuente del encabezamiento o término | Tesauro de Arte & Arquitectura |
| Término de materia o nombre geográfico como elemento de entrada | APRECIACION |
| 650 ## - PUNTO DE ACCESO ADICIONAL DE MATERIA--TÉRMINO DE MATERIA | |
| Fuente del encabezamiento o término | Tesauro de Arte & Arquitectura |
| Término de materia o nombre geográfico como elemento de entrada | TEORIA |
| 650 ## - PUNTO DE ACCESO ADICIONAL DE MATERIA--TÉRMINO DE MATERIA | |
| Fuente del encabezamiento o término | Tesauro de Arte & Arquitectura |
| Término de materia o nombre geográfico como elemento de entrada | CRITICA |
| 650 ## - PUNTO DE ACCESO ADICIONAL DE MATERIA--TÉRMINO DE MATERIA | |
| Fuente del encabezamiento o término | Tesauro de Arte & Arquitectura |
| Término de materia o nombre geográfico como elemento de entrada | FOTOGRAFIA |
| 9 (RLIN) | 702 |
| 650 ## - PUNTO DE ACCESO ADICIONAL DE MATERIA--TÉRMINO DE MATERIA | |
| Fuente del encabezamiento o término | Tesauro de Arte & Arquitectura |
| Término de materia o nombre geográfico como elemento de entrada | LITERATURA |
| 651 ## - PUNTO DE ACCESO ADICIONAL DE MATERIA--NOMBRE GEOGRÁFICO | |
| Fuente del encabezamiento o término | Tesauro de Arte & Arquitectura |
| Nombre geográfico | COLOMBIA |
| 942 ## - ELEMENTOS DE ENTRADA SECUNDARIOS (KOHA) | |
| Fuente del sistema de clasificación o colocación | Clasificación Decimal Dewey |
| Tipo de ítem Koha | Libros |
| Parte de la signatura que corresponde a la clasificación (Parte de la clasificación) | 701.1 |
| Parte de la signatura que identifica el ejemplar (Parte del ítem) | S744a |
| Suprimir en OPAC | No |
No items available.
